000
00306nam a2200121Ia 4500
008
191206s9999 xx 000 0 und d
090
_a
PR13CN2003
245
0
_a
For whom the bell tolls
260
_a
s.n.]
260
_c
cc1957
300
_a
1 print (poster) : color ; 28 x 35.5 cm.
999
_c
15998
_d
15998